Clube da tiara : (Record no. 513)

MARC details
000 -LÍDER
campo de controle de tamanho fixo 01261nam a22002894a 4500
001 - NÚMERO DE CONTROLE
campo de controle 513
003 - IDENTIFICADOR DO NÚMERO DE CONTROLE
campo de controle BR-RjBN
005 - DATA E HORÁRIO DA ÚLTIMA TRANSAÇÃO
campo de controle 20260520084933.0
008 - CAMPO DE DADOS FIXOS--INFORMAÇÃO GERAL
campo de controle de tamanho fixo 090101s2009 sp 000 f por d
020 ## - ISBN - INTERNATIONAL STANDARD BOOK NUMBER
ISBN - International Standard Book Number 9788576792604
040 ## - FONTE DA CATALOGAÇÃO
Idioma da catalogação por
041 1# - CÓDIGO DE IDIOMA
Código do idioma do texto/trilha sonora ou título diferente por
Código do idioma do original e/ou traduções intermediárias do texto eng
082 ## - CDD - CLASSIFICAÇÃO DECIMAL DE DEWEY
Número de Classificação 028.5
Número do exemplar F873c
100 1# - ENTRADA PRINCIPAL--NOME PESSOAL
Nome pessoal French, Vivian.
240 10 - TÍTULO UNIFORME
Título uniforme Princess Katie and the Silver Pony.
245 10 - TÍTULO
Título Clube da tiara :
Restante do título princesa Katie e o pônei prateado /
Indicação de responsabilidade, etc. Vivian French.
260 ## - PUBLICAÇÃO, DISTRIBUIÇÃO, ETC.
Local de publicação, distribuição, etc. São Paulo :
Nome do editor, distribuidor, etc. Novo Século,
Data da publicação, distribuição, etc. 2009.
300 ## - DESCRIÇÃO FÍSICA
Extensão 88 p. :
Outros detalhes físicos il. ;
520 ## - NOTA DE RESUMO, ETC.
Resumo, etc. As seis amigas da Escola das Princesas descobrem que terão uma Aula de Desejos, acreditando que poderão utilizar a magia para conquistar pontos de tiara e garantir um lugar especial na Carruagem Concha do Mar. Porém, os planos da Princesa Perfeita acabam causando confusões e desafios inesperados. Em meio a aventuras e magia, as personagens aprendem importantes lições sobre amizade, responsabilidade, generosidade e confiança nos mais velhos.
650 #0 - ASSUNTO--TERMO TÓPICO
Cabeçalho tópico ou nome geográfico Literatura infantojuvenil inglesa.
650 #0 - ASSUNTO--TERMO TÓPICO
Cabeçalho tópico ou nome geográfico Princesas.
650 #0 - ASSUNTO--TERMO TÓPICO
Cabeçalho tópico ou nome geográfico Magia.
9 (RLIN) 785
650 #0 - ASSUNTO--TERMO TÓPICO
Cabeçalho tópico ou nome geográfico Amizade.
9 (RLIN) 556
655 #0 - TERMO DE ÍNDICE--GÊNERO E FORMA
Gênero/forma/ou termo foco Literatura infantojuvenil.
655 #0 - TERMO DE ÍNDICE--GÊNERO E FORMA
Gênero/forma/ou termo foco Ficção.
942 ## - ELEMENTOS DE ENTRADA ADICIONADOS (KOHA)
Fonte de classificação ou esquema de arquivamento Classificação decimal de Dewey
Ocultar no OPAC Não
Tipo de material Koha Livros
Holdings
Situação do descarte Situação das perdas Fonte de classificação ou esquema de arquivamento Status danificado Não pode ser emprestado Coleção Biblioteca de origem Biblioteca atual Localização na estante Data de aquisição Fonte de aquisição Total de empréstimos Número de chamada completo Código de barras Data de último acesso Data do preço efetivo Tipo de material Koha
    Classificação decimal de Dewey     Ficção Biblioteca Professor Eduardo Afonso de Castro Biblioteca Professor Eduardo Afonso de Castro Infanto Juvenil 20.05.2026 doação   028.5 / F873c 2026-17448 20.05.2026 20.05.2026 Livros

Powered by Koha